Food, agriculture, and the environment discussion paper; N24 Food from peace breaking the links between conflict and hunger
Kaydedildi:
| Yazar: | |
|---|---|
| Materyal Türü: | Kitap |
| Dil: | Undetermined |
| Baskı/Yayın Bilgisi: |
Washington, D.C
IFPRI
1998
|
| Konular: | |
| Etiketler: |
Etiketle
Etiket eklenmemiş, İlk siz ekleyin!
|
| Thư viện lưu trữ: | Trung tâm Học liệu Trường Đại học Cần Thơ |
|---|
| LEADER | 00624nam a2200193Ia 4500 | ||
|---|---|---|---|
| 001 | CTU_27755 | ||
| 008 | 210402s9999 xx 000 0 und d | ||
| 082 | |a 640 | ||
| 082 | |b E45 | ||
| 100 | |a Ellen Messer | ||
| 245 | 0 | |a Food, agriculture, and the environment discussion paper; N24 | |
| 245 | 0 | |b Food from peace breaking the links between conflict and hunger | |
| 245 | 0 | |c Ellen Messer, Jashinta D'Costa, Marc J Cohen | |
| 260 | |a Washington, D.C | ||
| 260 | |b IFPRI | ||
| 260 | |c 1998 | ||
| 650 | |a food supply | ||
| 904 | |i Nguyễn Quang Điền, 990104 | ||
| 980 | |a Trung tâm Học liệu Trường Đại học Cần Thơ | ||